00269nam a2200109Ia 4500008004100000020001800041100001500059245003200074260003600106300000900142650000800151191201s2010 xx 000 0 und d a9789381420454 aJAIN, T.R. 0aBusiness Statistics for MBA aN. delhibV K Enterprisesc2010 amisc aMBA